| 000 | 00647nam a2200205 i 4500 | ||
|---|---|---|---|
| 001 | 176765 | ||
| 003 | ES-MaACL | ||
| 005 | 20230906220157.0 | ||
| 007 | t| | ||
| 008 | 110208s1980 ag ||||1| spa d | ||
| 080 | _a1Lévy, Bernard-Henri | ||
| 100 | 1 |
_aLévy, Bernard-Henri. _971996 |
|
| 245 | 1 | 3 |
_aEl testamento de Dios / _cBernard-Henri Lévy ; traducción de Joaquim Sala-Sanahuja. |
| 260 |
_aBuenos Aires ; Barcelona [etc.] : _bEl Cid, _cimp. 1980. |
||
| 300 |
_a300 p. ; _c23 cm. |
||
| 650 | 0 | 4 |
_aFilosofía- _yS.XX. _912826 |
| 650 | 4 |
_aMonoteísmo. _915173 |
|
| 700 | 1 |
_aSala Sanahuja, Joaquín. _9145090 |
|
| 852 |
_aES-MaACL _jE-14227 |
||
| 999 |
_c176765 _d176765 |
||